[Event "Wiesbaden op 23rd"]
[Site "Wiesbaden"]
[Date "2011.08.28"]
[Round "7"]
[White "Krzesinski, Paul"]
[Black "Wang, Julia"]
[Result "1-0"]
[WhiteElo "1832"]
[BlackElo "1719"]
[PlyCount "57"]
[EventDate "2011.08.25"]
[EventType "swiss"]
[EventRounds "7"]
[EventCountry "GER"]
[SourceTitle "CBM 144 Extra"]
[Source "ChessBase"]
[SourceDate "2011.10.28"]
[SourceVersion "1"]
[SourceVersionDate "2011.10.28"]
[SourceQuality "1"]

1. e4 c6 2. d4 d5 3. Nc3 dxe4 4. Nxe4 Bf5 5. Ng3 Bg6 6. Nf3 Nd7 7. h4 h6 8. h5 Bh7 9. Bd3 Bxd3 10. Qxd3 e6 11. Bf4 Ngf6 12. 0-0-0 Be7 13. Be5 Qb6 14. Ne4 Nxe4 15. Qxe4 Nf6 16. Qf4 Nd5 17. Qg3 Bf6 18. c4 Ne7 19. Bxf6 gxf6 20. Qg7 0-0-0 21. Qxf6 Qb4 22. Ne5 Nf5 23. Rd3 Nxd4 24. Rxd4 Rxd4 25. Qxh8+ Rd8 26. Qxh6 Qc5 27. Qe3 Qb4 28. a3 Qa4 29. h6 1-0

[Event "Stuttgart-chB int"]
[Site "Gerlingen"]
[Date "2011.06.03"]
[Round "3"]
[White "Maisch, Johannes"]
[Black "Wang, Julia"]
[Result "0-1"]
[WhiteElo "1306"]
[BlackElo "1719"]
[PlyCount "98"]
[EventDate "2011.06.02"]
[EventType "swiss"]
[EventRounds "7"]
[EventCountry "GER"]
[SourceTitle "EXT 2018"]
[Source "ChessBase"]
[SourceDate "2017.10.13"]
[SourceVersion "1"]
[SourceVersionDate "2017.10.13"]
[SourceQuality "1"]

1. e4 c6 2. d4 d5 3. exd5 cxd5 4. Nf3 Bf5 5. Bd3 Bxd3 6. Qxd3 Nc6 7. Bf4 e6 8. 0-0 Nf6 9. c3 Be7 10. Nbd2 0-0 11. Rfe1 Rc8 12. h3 a6 13. Ne5 b5 14. b4 Qb6 15. Bg5 Rfd8 16. a4 Ra8 17. axb5 axb5 18. Rxa8 Rxa8 19. Bxf6 Bxf6 20. Nd7 Qc7 21. Nxf6+ gxf6 22. Qxb5 Ra3 23. Rc1 Nxd4 24. Qd3 Nc6 25. Qg3+ Qxg3 26. fxg3 Ne5 27. Nf3 Nd3 28. Rc2 Kf8 29. Kf1 e5 30. Ke2 e4 31. Nd4 Ra1 32. h4 Re1+ 33. Kd2 Ke7 34. Ne2 Kd6 35. Nc1 Rxc1 36. Rxc1 Nxc1 37. Kxc1 f5 38. Kd2 Kc6 39. Ke3 Kb5 40. Kd4 f6 41. h5 h6 42. Ke3 Kc4 43. g4 fxg4 44. g3 f5 45. Kf4 d4 46. cxd4 Kxd4 47. b5 Kc5 48. Ke3 Kxb5 49. Kd4 Kb4 0-1

[Event "GER-ch U25"]
[Site "Oberhof"]
[Date "2010.05.23"]
[Round "2"]
[White "Wang, Julia"]
[Black "Velina, Valeria"]
[Result "1/2-1/2"]
[WhiteElo "1722"]
[BlackElo "1776"]
[PlyCount "95"]
[EventDate "2010.05.22"]
[EventType "swiss"]
[EventRounds "9"]
[EventCountry "GER"]
[SourceTitle "CBM 136 Extra"]
[Source "ChessBase"]
[SourceDate "2010.07.02"]
[SourceVersion "2"]
[SourceVersionDate "2010.07.15"]
[SourceQuality "1"]

1. e4 d5 2. exd5 Qxd5 3. Nc3 Qd6 4. Nf3 Nf6 5. Bc4 c6 6. d4 Bg4 7. 0-0 Nbd7 8. Bg5 e6 9. Qd3 Be7 10. a3 0-0 11. Ne2 Bf5 12. Qb3 Nb6 13. Bf4 Qd8 14. Ng3 Nxc4 15. Nxf5 Na5 16. Nxe7+ Qxe7 17. Qc3 Nd5 18. Bg5 Qxg5 19. Qxa5 Qg6 20. Qd2 Qf6 21. Ne5 Qf4 22. Qd1 Rfd8 23. c3 Qf6 24. Qh5 g6 25. Qe2 Rac8 26. Ng4 Qe7 27. Qe5 Qf8 28. c4 Nb6 29. Nf6+ Kh8 30. Rac1 Qg7 31. Rfd1 Nd7 32. Nxd7 Rxd7 33. Qxg7+ Kxg7 34. Rd3 Rcd8 35. Rcd1 c5 36. d5 exd5 37. Rxd5 Rxd5 38. cxd5 Kf6 39. f4 Kf5 40. g3 b5 41. Kf2 a5 42. Ke3 b4 43. axb4 axb4 44. g4+ Kf6 45. Ke4 Ke7 46. Ke5 f6+ 47. Ke4 Kd6 48. Kf3 1/2-1/2

[Event "GER-ch U25 op"]
[Site "Willingen"]
[Date "2009.06.05"]
[Round "8"]
[White "Wang, Julia"]
[Black "Werner, Patrick2222"]
[Result "0-1"]
[WhiteElo "1506"]
[BlackElo "1872"]
[PlyCount "72"]
[EventDate "2009.05.30"]
[EventType "swiss"]
[EventRounds "9"]
[EventCountry "GER"]
[SourceTitle "EXT 2010"]
[Source "ChessBase"]
[SourceDate "2010.11.25"]
[SourceVersion "1"]
[SourceVersionDate "2010.11.25"]
[SourceQuality "1"]

1. e4 g6 2. d4 Bg7 3. Nc3 d6 4. Be3 a6 5. f4 b5 6. Bd3 Bb7 7. Nf3 e6 8. e5 Ne7 9. Be4 d5 10. Bd3 Nd7 11. 0-0 Rc8 12. Ne2 c5 13. c3 0-0 14. Qe1 Nf5 15. Bd2 Nb6 16. Ng3 Ne7 17. Ne2 Nc4 18. Bc1 Qb6 19. f5 Nxf5 20. Bxf5 exf5 21. Qh4 cxd4 22. Nexd4 Nxe5 23. Bh6 Nxf3+ 24. Rxf3 Bxd4+ 25. cxd4 Rfe8 26. Raf1 Re4 27. Rf4 Qxd4+ 28. Kh1 Rxf4 29. Bxf4 h5 30. h3 f6 31. Qg3 Kf7 32. Re1 Rc4 33. Bd6 g5 34. Re7+ Kg6 35. Rxb7 Rc1+ 36. Kh2 Qg1# 0-1

[Event "GER-ch U25 op"]
[Site "Willingen"]
[Date "2009.05.30"]
[Round "1"]
[White "Ivascu, Cosmin Alexandru"]
[Black "Wang, Julia"]
[Result "1-0"]
[WhiteElo "1891"]
[BlackElo "1506"]
[PlyCount "123"]
[EventDate "2009.05.30"]
[EventType "swiss"]
[EventRounds "9"]
[EventCountry "GER"]
[SourceTitle "EXT 2010"]
[Source "ChessBase"]
[SourceDate "2010.11.25"]
[SourceVersion "1"]
[SourceVersionDate "2010.11.25"]
[SourceQuality "1"]

1. e4 c6 2. d4 d5 3. Nc3 dxe4 4. Nxe4 Bf5 5. Ng3 Bg6 6. h4 h6 7. Nf3 Nd7 8. h5 Bh7 9. Bd3 Bxd3 10. Qxd3 e6 11. Bd2 Ngf6 12. 0-0-0 Qc7 13. Kb1 0-0-0 14. Qe2 Bd6 15. Ne4 Nxe4 16. Qxe4 e5 17. dxe5 Nxe5 18. Qa4 Nxf3 19. Qg4+ Qd7 20. Qxf3 Rhe8 21. Ba5 b6 22. Bb4 Re6 23. Bc3 f6 24. Rd3 Kb8 25. Rhd1 Qc7 26. Bb4 c5 27. Bc3 Ree8 28. b3 Be7 29. Rxd8+ Rxd8 30. Rxd8+ Bxd8 31. Qd5 Qe7 32. Kb2 Bc7 33. f3 b5 34. a3 Bd6 35. Qc6 b4 36. axb4 cxb4 37. Bd4 Be5 38. Qb5+ Ka8 39. Qc6+ Kb8 40. Qb5+ Ka8 41. Qd5+ Kb8 42. Bxe5+ Qxe5+ 43. Qxe5+ fxe5 44. Kc1 Kc7 45. Kd2 Kd6 46. Ke3 Ke6 47. Ke4 Kf6 48. Kd5 Kf5 49. g3 Kf6 50. Kc5 Kg5 51. Kxb4 Kxh5 52. Kc4 Kg5 53. Kd5 Kf5 54. c4 g5 55. c5 g4 56. c6 gxf3 57. c7 Kg4 58. c8Q+ Kxg3 59. Qg8+ Kh2 60. Qf7 Kg2 61. Qg6+ Kf2 62. Ke4 1-0

[Event "GER-ch U25 op"]
[Site "Willingen"]
[Date "2008.05.14"]
[Round "6"]
[White "Neumair, Dorian"]
[Black "Wang, Julia"]
[Result "0-1"]
[WhiteElo "1184"]
[BlackElo "1432"]
[PlyCount "66"]
[EventDate "2008.05.11"]
[EventType "swiss"]
[EventRounds "9"]
[EventCountry "GER"]
[SourceTitle "CBM 124 Extra"]
[Source "ChessBase"]
[SourceDate "2008.07.03"]
[SourceVersion "1"]
[SourceVersionDate "2008.07.03"]
[SourceQuality "1"]

1. e4 c6 2. d4 d5 3. exd5 cxd5 4. Nc3 Bf5 5. Bd3 Bxd3 6. Qxd3 Nc6 7. Nf3 e6 8. Be3 Nf6 9. a3 Bd6 10. h3 0-0 11. 0-0 a6 12. Ne2 Qc7 13. b3 Na5 14. Rfc1 b5 15. Bd2 Rfc8 16. a4 b4 17. Rab1 Ne4 18. Be3 Nb7 19. Kf1 h6 20. Neg1 Nc3 21. Ra1 Bf4 22. Ne2 Bxe3 23. Qxe3 Nd6 24. Ne5 Nf5 25. Qd2 Qa7 26. Nxc3 Rxc3 27. Nf3 Rac8 28. Ra2 a5 29. Kg1 Qc7 30. Rb2 Ne7 31. Kh1 Ng6 32. Kg1 Nf4 33. Kf1 Nd3 0-1

[Event "GER-ch U25 op"]
[Site "Willingen"]
[Date "2008.05.13"]
[Round "5"]
[White "Laqua, Stefan"]
[Black "Wang, Julia"]
[Result "1-0"]
[WhiteElo "1684"]
[BlackElo "1432"]
[PlyCount "69"]
[EventDate "2008.05.11"]
[EventType "swiss"]
[EventRounds "9"]
[EventCountry "GER"]
[SourceTitle "CBM 124 Extra"]
[Source "ChessBase"]
[SourceDate "2008.07.03"]
[SourceVersion "1"]
[SourceVersionDate "2008.07.03"]
[SourceQuality "1"]

1. e4 c6 2. d4 d5 3. Nc3 dxe4 4. Nxe4 Bf5 5. Ng3 Bg6 6. h4 h6 7. Nf3 Nd7 8. h5 Bh7 9. Bd3 Bxd3 10. Qxd3 Ngf6 11. Bd2 e6 12. 0-0-0 Bd6 13. Rde1 0-0 14. Ne4 Be7 15. Nxf6+ Bxf6 16. g4 Be7 17. Rhg1 Nf6 18. g5 Nxh5 19. gxh6 g6 20. Ne5 Qe8 21. Nxg6 fxg6 22. Rxg6+ Kh8 23. Rg7 Nf6 24. Bg5 Ne4 25. Qxe4 Bxg5+ 26. Rxg5 Qe7 27. Rg7 Qxg7 28. hxg7+ Kxg7 29. Qxe6 Rf7 30. Rg1+ Kf8 31. Qd6+ Re7 32. Rh1 Rae8 33. Rh8+ Kf7 34. Rh7+ Kf8 35. Qf6+ 1-0

[Event "GER-ch U25 op"]
[Site "Willingen"]
[Date "2008.05.12"]
[Round "3"]
[White "Wang, Julia"]
[Black "Kreyssig, Bruno"]
[Result "1-0"]
[WhiteElo "1432"]
[BlackElo "1034"]
[PlyCount "97"]
[EventDate "2008.05.11"]
[EventType "swiss"]
[EventRounds "9"]
[EventCountry "GER"]
[SourceTitle "CBM 124 Extra"]
[Source "ChessBase"]
[SourceDate "2008.07.03"]
[SourceVersion "1"]
[SourceVersionDate "2008.07.03"]
[SourceQuality "1"]

1. e4 e5 2. f4 d5 3. exd5 e4 4. Nc3 Nf6 5. d3 Bb4 6. Bd2 Qe7 7. Qe2 Bf5 8. dxe4 Bxc3 9. Bxc3 Qxe4 10. Qxe4+ Bxe4 11. 0-0-0 0-0 12. d6 Rd8 13. dxc7 Rxd1+ 14. Kxd1 Nc6 15. Ne2 Rc8 16. Ng3 Bd5 17. Be2 Rxc7 18. Rg1 Rd7 19. Kc1 Re7 20. Bd3 Ne4 21. Nf5 Nxc3 22. Nxe7+ Nxe7 23. bxc3 Bxa2 24. Re1 Ng6 25. Re8+ Nf8 26. Bxh7+ Kxh7 27. Rxf8 Bd5 28. g3 Be4 29. Rxf7 Bd5 30. Re7 Bc6 31. f5 Kg8 32. g4 Bf3 33. g5 Bg4 34. f6 gxf6 35. gxf6 Bh5 36. Rxb7 a5 37. c4 a4 38. c5 a3 39. Kb1 Bf7 40. c6 a2+ 41. Ka1 Bd5 42. Rg7+ Kh8 43. c7 Be6 44. h4 Bf5 45. h5 Be6 46. h6 Bf5 47. f7 Be6 48. f8Q+ Bg8 49. Qxg8# 1-0